| 000 | 01074cam a2200301 a 4500 | ||
|---|---|---|---|
| 999 |
_c342636 _d342636 |
||
| 001 | 2617188 | ||
| 003 | NUST | ||
| 005 | 20180111105301.0 | ||
| 008 | 980818s1998 meu 000 1 eng | ||
| 010 | _a 98042591 | ||
| 020 | _a0786216573 (alk. paper) | ||
| 040 |
_aDLC _cDLC _dDLC |
||
| 050 | 0 | 0 |
_aPS3563.U397 _bD86 1998 |
| 082 | 0 | 0 |
_a813.54 _bMUL |
| 100 | 1 |
_aMuller, Marcia. _98270 |
|
| 245 | 1 | 0 |
_aDuo / _cMarcia Muller and Bill Pronzini. |
| 250 | _aStandard print hardcover ed. | ||
| 260 |
_aUnity, Me. : _bFive Star, _c1998. |
||
| 300 |
_a234 p. ; _c22 cm. |
||
| 440 | 0 |
_aFive Star standard print mystery series _98271 |
|
| 650 | 0 |
_aDetective and mystery stories, American. _98226 |
|
| 700 | 1 |
_aPronzini, Bill. _98272 |
|
| 906 |
_a7 _bcbc _corignew _d1 _eocip _f19 _gy-gencatlg |
||
| 942 |
_2ddc _cBK |
||